| 000 | 00564nam a2200169Ia 4500 | ||
|---|---|---|---|
| 008 | 240729s9999 xx 000 0 und d | ||
| 022 | _a2535-1915 | ||
| 245 | 4 | _aThe Egyptian Journal of Forensic Sciences and Applied Toxicology | |
| 260 | _aEgypt | ||
| 260 | _bCairo University, Faculty of Medicine, Forensic Medicine and Clinical Toxicology Department | ||
| 650 | _a Public aspects of medicine | ||
| 650 | _a Toxicology. Poisons | ||
| 650 | _aMedicine | ||
| 856 | _uhttps://doaj.org/toc/ae38b1d3c1c44e73aca33b76d0dd608e | ||
| 942 | _2ddc | ||
| 942 | _cDOAJEJ | ||
| 999 |
_c68912 _d68912 |
||
| 945 |
_a1 _bMadushi Gamage _c1 _dMadushi Gamage |
||